00585nam a2200229Ia 4500008004100000020001800041040000600059041001200065082001100077082001100088100002000099100001900119100001800138245003900156245001900195260001400214260002800228260000900256300005500265300001000320501002500330141004s9999 xx 000 0 und d a81 7319 676 1 ca aEnglish a333.95 bTAN/BI a Manju Sharma aPramod Tundon aSwarup Renu aBiodiversity: Status and prospects cPramod Tundon aNew Delhi bNarosa publishing house c2005 a233 p.  b25 cm aAL1-2